00531nam a2200193 a 4500001001300000003000900013005001700022008004100039020001000080082001700090100002100107245006000128260005300188300000800241500003500249505001000284650002200294700002100316nice12345678IN_TiNIC20260116011326.0050524s1929 bela grd 000 0 eng  ac10000a492.731bDIO aDiocesan Press,  aDictionary of Arabic Proper Names and Theological Terms aBelmont, USAbDickenson Publishing Companyc1929 a20p aincludes index and biblioraphy2 aIndex aDictionary-Arabic1 aDiocesan Press,